The mystic muse / (Record no. 124931)

MARC details
000 -LEADER
fixed length control field 00725nam a22002417a 4500
005 - DATE AND TIME OF LATEST TRANSACTION
control field 20170124105946.0
010 ## - LIBRARY OF CONGRESS CONTROL NUMBER
LC control number A-806672
020 ## - INTERNATIONAL STANDARD BOOK NUMBER
Terms of availability 00.00
International Standard Book Number 8170713418
035 ## - SYSTEM CONTROL NUMBER
System control number A-806672
037 ## - SOURCE OF ACQUISITION
Source of stock number/acquisition Cen Lib/Ret
040 ## - CATALOGING SOURCE
Original cataloging agency DPL
Language of cataloging EN
082 ## - DEWEY DECIMAL CLASSIFICATION NUMBER
Classification number 279.331
Item number SHA
100 ## - MAIN ENTRY--PERSONAL NAME
Personal name Shah, Sain Bulleh
9 (RLIN) 12435
245 ## - TITLE STATEMENT
Title The mystic muse /
Statement of responsibility, etc by Sain Billeh Shah; translated by Kartar Singh Duggal
260 ## - PUBLICATION, DISTRIBUTION, ETC. (IMPRINT)
Place of publication, distribution, etc New Delhi
Name of publisher, distributor, etc Abhinav Publication
Date of publication, distribution, etc 1996
270 ## - ADDRESS
Address E-37 Hauz Khaz
City New Delhi
Postal code 1100016
300 ## - PHYSICAL DESCRIPTION
Extent 271p.
Dimensions 22cm(Hb)
500 ## - GENERAL NOTE
General note Includes index.
650 ## - SUBJECT ADDED ENTRY--TOPICAL TERM
Topical term or geographic name as entry element Panjabi poetry.
9 (RLIN) 12436
650 ## - SUBJECT ADDED ENTRY--TOPICAL TERM
Topical term or geographic name as entry element Panjabi
9 (RLIN) 12437
700 ## - ADDED ENTRY--PERSONAL NAME
Personal name Duggal, Kartar Singh
9 (RLIN) 12438
942 ## - ADDED ENTRY ELEMENTS (KOHA)
Source of classification or shelving scheme Dewey Decimal Classification
Koha item type English Books
Classification part 279.331
Call number suffix SHA
Holdings
Withdrawn status Lost status Damaged status Not for loan Home library Current library Date acquired Source of acquisition Cost, normal purchase price Total Checkouts Full call number Barcode Date last seen Copy number Cost, replacement price Price effective from Koha item type
        Central Library Central Library 19/06/2015 Cen Lib/Ret 0.00   279.331 SHA A-806672 19/06/2015 1 0.00 19/06/2015 English Books

© Delhi Public Library
Hit Counter
free hit counter